|
|
|
|
| LEADER |
01560nam a2200265 i 4500 |
| 003 |
GR-PaULI |
| 005 |
20240118130246.0 |
| 008 |
180720s1983 gr ||||g |||| 00| d gre d |
| 040 |
|
|
|a GR-PaULI
|b gre
|c GR-PaULI
|e AACR2
|
| 082 |
0 |
4 |
|2 23
|a 812.52
|
| 100 |
1 |
|
|9 170236
|a Kirkland, Jack,
|d 1902-1969.
|e συγγραφέας
|
| 245 |
1 |
0 |
|a Καπνοτόπια :
|b (για ένα κομμάτι γης) /
|c Τζακ Κιρκλαντ ; διασκευή από το μυθιστόρημα του Ερσκιν Καλντουέλ ; μετάφραση Γιώργος Σεβαστίκογλου.
|
| 260 |
|
|
|a Αθήνα :
|b Δωδώνη,
|c 1983.
|
| 300 |
|
|
|a 102 σ. ;
|c 21 εκ.
|
| 490 |
|
|
|a Παγκόσμιο θέατρο / Δωδώνη ;
|v 81
|
| 500 |
|
|
|a Θέατρο Τέχνης 1943, σκηνοθεσία Κάρολος Κουν.
|
| 600 |
1 |
0 |
|a Caldwell, Erskine,
|d 1903-1987
|9 159749
|
| 650 |
1 |
4 |
|9 6024
|a Αμερικανικό δράμα
|y 20ός αιώνας
|
| 700 |
1 |
4 |
|a Σεβαστίκογλου, Γιώργος,
|d 1913-1990
|e μεταφραστής
|9 102271
|
| 710 |
1 |
|
|9 31884
|a Θέατρο Τέχνης Καρόλου Κουν
|
| 942 |
|
|
|2 ddc
|c BK15
|
| 952 |
|
|
|0 0
|1 0
|2 ddc
|4 0
|6 812_520000000000000_KIR
|7 0
|9 224624
|a THST
|b THST
|d 2018-07-20
|i 005535
|l 1
|o 812.52 KIR
|p 025000010643
|r 2025-02-10 11:49:32
|s 2025-01-22
|t 1
|v 2018.00
|w 2018-07-20
|y BK15
|
| 952 |
|
|
|0 0
|1 0
|2 ddc
|4 0
|6 812_520000000000000_KIR
|7 0
|9 378316
|a LISP
|b LISP
|c DON
|d 2024-03-13
|e ΠΑΤ
|i 364226
|l 0
|o 812.52 KIR
|p 025000308543
|r 2024-03-13 00:00:00
|t 2
|w 2024-03-13
|y BKN
|
| 998 |
|
|
|c ΜΑΝΙΑ
|d 2018-07
|
| 999 |
|
|
|c 135626
|d 135626
|